Muž a žena Veršovaná komédia v troch dejstvách

Podrobná bibliografia
Hlavný autor: Fredro, Aleksander, 1793-1876 (Autor)
Ďalší autori: Pado, Juraj, 1922-2010 (Prekladateľ)
Médium: Kniha
Jazyk:slovenčina
Fyzický popis:38 s., 2,05 AH 29 cm
Vydavateľské údaje: Bratislava Lita 1984
Vydanie:1. vyd.

MARC

LEADER 00000nam a2200000 a 4500
001 vtls001118325
003 SK-MaSNL
005 20260301105005.0
008 250414s1984 xo 0 slo
015 |a SNBA1984/05 
020 |q (brož.) 
035 |a SNK000061168 
040 |a SNK  |b slo  |c SNK  |e AACR2 
041 0 |a slo 
044 |a xo  |c SK 
080 |a 884-2  |2 1981 
100 1 |a Fredro, Aleksander,  |d 1793-1876  |4 aut  |9 61217 
245 1 0 |a Muž a žena  |b Veršovaná komédia v troch dejstvách  |c Aleksander Fredro ; Juraj Pado 
250 |a 1. vyd. 
260 |a Bratislava  |b Lita  |c 1984  |e Bratislava  |f LITA 
300 |a 38 s., 2,05 AH  |c 29 cm 
366 |e 9 Kčs. 
500 |a Schválilo MK SSR. Rozmn. 
700 1 |a Pado, Juraj,  |d 1922-2010  |4 trl  |9 133221 
852 |a Slovenská národná knižnica 
954 |a hry divadelné 
958 |a OND 
958 |a LX 
958 |a BQ 
958 |a RM 
958 |a PL 
999 |c 699693  |d 701623 
952 |a SNK  |b SNK  |y PREZ  |7 0  |p 17A0791661  |o snkSB 37571  |0 0  |1 0  |4 0  |d 2012-04-24  |f 1  |l 0  |r 2025-04-16 00:00:00  |w 2026-02-23 
952 |t P60, <04>, [BOOK], {604}  |a SNK  |b SNK  |y VYP  |7 0  |p 17A0187493  |o snkSB 37571 D1  |0 0  |1 0  |4 0  |d 1999-03-18  |l 0  |r 2004-12-31 00:00:00  |w 2026-02-23